| 000 | 01365nam a22003254a 4500 | ||
|---|---|---|---|
| 001 | ebr10023677 | ||
| 003 | CaPaEBR | ||
| 006 | m u | ||
| 007 | cr cn||||||||| | ||
| 008 | 020911s2002 dcuab sb i000 0 eng | ||
| 010 | _z 2002034699 | ||
| 020 | _z0821349791 | ||
| 040 |
_aCaPaEBR _cCaPaEBR |
||
| 035 | _a(OCoLC)52473807 | ||
| 041 | 0 |
_aeng _afre _aspa _bfre _bspa |
|
| 050 | 1 | 4 |
_aHN690.5.Z9 _bC6663 2002eb |
| 082 | 0 | 4 |
_a307.72/095491 _221 |
| 245 | 0 | 4 |
_aThe next ascent _h[electronic resource] : _ban evaluation of the Aga Khan Rural Support Program, Pakistan. |
| 260 |
_aWashington, D.C. : _bWorld Bank, _c2002. |
||
| 300 |
_axxx, 139 p. : _bill., map. |
||
| 500 | _aAt head of title: World Bank Operations Evaluation Department. | ||
| 504 | _aIncludes bibliographical references (p. 137-139). | ||
| 533 |
_aElectronic reproduction. _bPalo Alto, Calif. : _cebrary, _d2013. _nAvailable via World Wide Web. _nAccess may be limited to ebrary affiliated libraries. |
||
| 546 | _aForeword and summary also in French and Spanish. | ||
| 610 | 2 | 0 |
_aAga Khan Rural Support Programme _xEvaluation. |
| 650 | 0 |
_aRural development _zPakistan _vCase studies. |
|
| 655 | 7 |
_aElectronic books. _2local |
|
| 710 | 2 | _aebrary, Inc. | |
| 856 | 4 | 0 |
_uhttp://site.ebrary.com/lib/rucke/Doc?id=10023677 _zAn electronic book accessible through the World Wide Web; click to view |
| 999 |
_c7873 _d7873 |
||